000
00354nam a2200169Ia 4500
100
_a
Chartrand/Mark R
650
_a
Communication
942
_c
BK
366
_f
17.5
654
_a
satellite
245
_a
Satellite communication
260
_b
Cengage Learning
_c
2004
082
_a
384.51
_b
CHA
300
_a
437
546
_a
ENGLISH
999
_c
18988
_d
18988